[Event "HCL-E1591"]
[Site "www.playchess.de"]
[Date "2006.03.23"]
[Round "7"]
[White "Duffy"]
[Black "pawnstorm"]
[WhiteElo "1623"]
[BlackElo "1534"]
[PlyCount "83"]
[Result "1/2-1/2"]

1.e4 e5 2.Nf3 Nc6 3.Bb5 g6 4.O-O Bg7 5.Nc3 Nge7 
6.d3 O-O 7.Be3 Nd4 8.Bc4 Nec6 9.a3 d6 10.h3 a6 
11.Nd5 Nxf3+ 12.Qxf3 Be6 13.c3 Na5 14.Ba2 c6 
15.Bb6 Qg5 16.Nc7 Bxa2 17.Nxa8 Nb3 18.Be3 Qd8 
19.Rxa2 Qxa8 20.Qd1 Nc5 21.f4 Nd7 22.f5 Qc8 23.Qd2 
Nf6 24.Bh6 d5 25.Bxg7 Kxg7 26.fxg6 hxg6 27.Qg5 Qe6 
28.exd5 Nxd5 29.Raa1 Nf4 30.Rf3 f6 31.Qh4 Rh8 
32.Qe1 g5 33.d4 e4 34.Re3 f5 35.Qg3 Kf6 36.Qe1 Nd3 
37.Qe2 Rh4 38.Rd1 Nf4 39.Qe1 Nd5 40.Re2 Nf4 41.Re3 
Nd5 42.Re2 {(offering draw)}  1/2-1/2

[Event "ACL-A663"]
[Site "www.playchess.de"]
[Date "2006.03.23"]
[Round "9"]
[White "WPrimo"]
[Black "dapsy"]
[WhiteElo "1575"]
[BlackElo "1500"]
[PlyCount "27"]
[Result "1-0"]

1.e4 d5 2.exd5 Nf6 3.Nc3 Nxd5 4.Nxd5 Qxd5 5.c4 Qd6 
6.d4 e5 7.d5 f5 8.b3 g6 9.Nf3 Kf7 10.Bb2 Bg7 
11.Rb1 Rd8 12.Be2 c6 13.O-O cxd5 
14.cxd5 1-0

[Event "HCL-M888"]
[Site "www.playchess.de"]
[Date "2006.03.23"]
[Round "13"]
[White "PamperedPawn"]
[Black "richard"]
[WhiteElo "2389"]
[BlackElo "1842"]
[PlyCount "53"]
[Result "1-0"]

1.e4 {Welcome richard!}  c5 {You are the biggest 
challenge in this tournament}  2.Nf3 e6 3.Nc3 a6 
4.Be2 Qc7 5.d4 cxd4 6.Qxd4 Nc6 7.Qe3 Nf6 8.O-O Be7 
9.Qf4 Bd6 10.Qh4 Ne5 11.Nxe5 Bxe5 12.Bd3 b5 13.Be3 
Bxc3 14.bxc3 Qxc3 15.a4 b4 16.a5 Bb7 17.f3 d5 
18.e5 Qxe5 19.Bc5 Bc6 20.Qxb4 Nd7 21.Bd6 Qf6 
22.Rfe1 h5 23.Ra3 h4 24.Rc3 Bb5 25.Rc7 h3 26.Bxb5 
axb5 27.a6 1-0

[Event "HCL-E1582"]
[Site "www.playchess.de"]
[Date "2006.03.23"]
[Round "4"]
[White "Glomp"]
[Black "ippuli"]
[WhiteElo "1572"]
[BlackElo "1608"]
[PlyCount "29"]
[Result "1-0"]

1.e4 {Good luck again!}  e5 {To you, too...}  
2.Nf3 f5 3.Nxe5 Qf6 4.Nc4 fxe4 5.Nc3 Qg6 6.d3 exd3 
7.Bxd3 Qxg2 8.Be4 Qh3 9.Nd5 Na6 10.Qe2 Ne7 11.Bg5 
Qe6 12.Nf4 Qf7 13.O-O-O c6 14.Nd6+ {Oops - you did 
it again!!!}  Kd8 {OH SHIT!!!}  
15.Nxf7+ 1-0

[Event "HCL-A2633"]
[Site "www.playchess.de"]
[Date "2006.03.23"]
[Round "8"]
[White "torbalan"]
[Black "hal1958"]
[WhiteElo "1262"]
[BlackElo "1403"]
[PlyCount "94"]
[Result "0-1"]

1.e4 d6 2.d4 Nf6 3.Nc3 g6 4.h3 a6 5.Nf3 b5 6.a3 
Nbd7 7.e5 dxe5 8.dxe5 Ng8 9.Be3 e6 10.Bd4 Ne7 
11.Ne2 Bg7 12.b3 O-O 13.Bb2 c5 14.Ng3 Bb7 15.Be2 
Qc7 16.Qd6 Qxd6 17.exd6 Bxb2 18.Ra2 Bc3+ 19.Kf1 
Nc8 20.Kg1 Nxd6 21.Kh2 Ne5 22.Rd1 Nxf3+ 23.Bxf3 
Bxf3 24.gxf3 Rad8 25.Ne2 Bg7 26.c3 Nb7 27.Rc1 Na5 
28.b4 cxb4 29.cxb4 Nc4 30.Kg2 Rd2 31.Rxd2 Nxd2 
32.Rc6 Ra8 33.Ng3 Nc4 34.a4 Ne5 35.Rc3 bxa4 36.Ra3 
Rb8 37.Rxa4 Rb6 38.Ne4 Nd3 39.Nc5 Nxc5 40.bxc5 Rc6 
41.f4 Rxc5 42.Rxa6 Bd4 43.Ra2 h5 44.f3 h4 45.Rd2 
Be3 46.Rd3 Rc2+ 47.Kh1 Bxf4 0-1

[Event "HCL-A2591"]
[Site "www.playchess.de"]
[Date "2006.03.23"]
[Round "1"]
[White "q77ro"]
[Black "blue"]
[WhiteElo "1546"]
[BlackElo "1229"]
[PlyCount "105"]
[Result "1-0"]

1.e4 c5 2.Nf3 Nc6 3.Bb5 Nf6 4.Bxc6 bxc6 5.d3 d6 
6.Bg5 e6 7.O-O Be7 8.c4 Qc7 9.Nc3 O-O 10.h3 Ba6 
11.Qd2 Rfd8 12.b3 h6 13.Be3 d5 14.Bf4 Bd6 15.e5 
Bxe5 16.Bxe5 Qe7 17.Qf4 Nh5 18.Qg4 Nf6 19.Bxf6 
Qxf6 20.Na4 dxc4 21.dxc4 Qe7 22.Qh5 Bc8 23.Qxc5 
Qc7 24.Rad1 Re8 25.Rd6 Bb7 26.Ne5 Red8 27.Rfd1 f6 
28.R6xd8+ Rxd8 29.Rxd8+ Qxd8 30.Nxc6 Qd1+ 31.Kh2 
Qd2 32.Ne7+ Kf7 33.Qc7 Be4 34.Nf5+ Kg6 35.Ng3 Bb1 
36.Qxa7 Qxa2 37.Qe3 e5 38.Nc5 Kf7 39.Nge4 Bxe4 
40.Nxe4 Qa3 41.c5 f5 42.Nd6+ Ke6 43.f4 e4 44.Qc3 
g6 45.Qe5+ Kd7 46.Qe8+ Kc7 47.Nb5+ Kb7 48.Nxa3 g5 
49.fxg5 hxg5 50.c6+ Kc7 51.Nc4 g4 52.Qd7+ Kb8 
53.Qb7+ 1-0

[Event "HCL-A2640"]
[Site "www.playchess.de"]
[Date "2006.03.23"]
[Round "8"]
[White "cliffoliveira"]
[Black "steady_eddie"]
[WhiteElo "1435"]
[BlackElo "1655"]
[PlyCount "72"]
[Result "0-1"]

1.d4 Nf6 {Hi}  2.c4 {good luck}  g6 {u2}  3.Nc3 
Bg7 4.Nf3 O-O 5.e4 d6 6.Be2 e5 7.d5 Nbd7 8.O-O Nc5 
9.Qc2 a5 10.Bg5 h6 11.Be3 Ng4 12.Bxc5 dxc5 13.h3 
Nf6 14.Nxe5 Nxd5 15.Nxf7 Rxf7 16.cxd5 b6 17.Rad1 
Qg5 18.Kh1 Bd4 19.Bc4 Kg7 20.d6 Rf4 21.Rxd4 cxd4 
22.Ne2 Rh4 23.Ng3 c5 24.Qc1 Qe5 25.f4 Qxd6 26.e5 
Qc6 27.Be2 Rxh3+ 28.Kg1 Rxg3 29.Bf3 Rxf3 30.Rxf3 
Bf5 31.Qe1 c4 32.Qh4 Qe6 33.Kf2 b5 34.Rh3 Bxh3 
35.gxh3 Rf8 36.Kg3 d3 0-1

[Event "HCL-C4153"]
[Site "www.playchess.de"]
[Date "2006.03.23"]
[Round "20"]
[White "spartan1"]
[Black "Treebeard"]
[WhiteElo "883"]
[BlackElo "1199"]
[PlyCount "72"]
[Result "0-1"]

1.d4 d5 2.Nf3 Nc6 3.Nc3 Nf6 4.Ne5 Nxe5 5.dxe5 Ng4 
6.f3 Nxe5 7.e4 d4 8.Nd5 e6 9.Qxd4 Nc6 10.Bb5 Bd7 
11.Bxc6 Bxc6 12.c4 exd5 13.cxd5 Bb5 14.Qe5+ Qe7 
15.Bf4 Qxe5 16.Bxe5 O-O-O 17.O-O-O f6 18.Bd4 b6 
19.Kb1 Bd6 20.a3 Rhe8 21.b4 Kb7 22.Rdc1 Re7 23.Bf2 
Ra8 24.Bd4 Rc8 25.g3 c6 26.g4 Bf4 27.Rcg1 c5 
28.Bb2 c4 29.h4 c3 30.Rg2 Bd3+ 31.Rc2 cxb2 32.Kxb2 
Rxc2+ 33.Kb3 Rec7 34.Rd1 R7c3+ 35.Ka4 b5+ 36.Ka5 
Bc7+ 0-1

[Event "HCL-A2591"]
[Site "www.playchess.de"]
[Date "2006.03.23"]
[Round "7"]
[White "maus"]
[Black "q77ro"]
[WhiteElo "1348"]
[BlackElo "1546"]
[PlyCount "120"]
[Result "0-1"]

1.e4 {hello}  b6 2.e5 Bb7 3.d4 e6 4.Nf3 h6 5.Nc3 
Bb4 6.Bd2 Ne7 7.Bc4 d5 8.Bb5+ c6 9.Bd3 O-O 10.a3 
Bxc3 11.Bxc3 Nd7 12.b4 f5 13.Bd2 c5 14.bxc5 bxc5 
15.c3 c4 16.Bc2 a5 17.a4 Nb6 18.Rb1 Bc6 19.O-O Rb8 
20.Bf4 Ng6 21.Bg3 Qd7 22.Ra1 Rb7 23.Ne1 Rfb8 
24.Qe2 Bxa4 25.Bxf5 exf5 26.e6 Qe8 27.Bxb8 Qxb8 
28.Qh5 Nf4 29.Qxf5 Ne2+ 30.Kh1 Nxc3 31.Nf3 Qf8 
32.Qe5 Ne4 33.Rfb1 Bc2 34.Rb2 a4 35.Rxc2 c3 36.Kg1 
a3 37.Kf1 Qb4 38.Ke1 Re7 39.h4 Nd7 40.Qxd5 Ndf6 
41.Qe5 Qb3 42.Raa2 Rxe6 43.Qa5 Qb1+ 44.Ke2 Nc5+ 
45.Ne5 Nb3 46.Qxc3 Nxd4+ 47.Qxd4 Qb5+ 48.Kf3 Rxe5 
49.Rc8+ Kh7 50.Qc4 Rf5+ 51.Kg3 Qe5+ 52.Kh3 Qd6 
53.Qc2 Qf4 54.f3 Nh5 55.Qf2 Rb5 56.Qc2+ Rf5 57.Qf2 
Rb5 58.g3 Qf5+ 59.g4 Qxc8 60.Kh2 
Qb8+ 0-1

[Event "HCL-M882"]
[Site "www.playchess.de"]
[Date "2006.03.23"]
[Round "3"]
[White "nikk"]
[Black "XiaoAn"]
[WhiteElo "1856"]
[BlackElo "1682"]
[PlyCount "40"]
[Result "0-1"]

1.d4 {Hi, good luck!}  d5 {good luck to you too!}  
2.Nf3 c5 3.e3 Nc6 4.c4 e6 5.Nc3 Nf6 6.Be2 cxd4 
7.exd4 Be7 8.O-O O-O 9.Re1 dxc4 10.Bxc4 b6 11.Bg5 
Bb7 12.a3 Rc8 13.Ba2 Nd5 14.Nxd5 Bxg5 15.Nc3 Bf6 
16.d5 exd5 17.Bxd5 Na5 18.Bxb7 Nxb7 19.Qb3 Nc5 
20.Qb4 Nd3 0-1

[Event "HCL-M891"]
[Site "www.playchess.de"]
[Date "2006.03.23"]
[Round "4"]
[White "anne_t"]
[Black "Dailos"]
[WhiteElo "1989"]
[BlackElo "2185"]
[PlyCount "70"]
[Result "0-1"]

1.d4 {hi, all the best , greetings}  Nf6 {Same to 
you}  2.c4 e6 3.Nc3 Bb4 4.Qc2 O-O 5.Bg5 h6 {Hi, 
Annet: If you send me your e-mail I can sent you 
some pictures}  6.Bd2 {okay. p.schuurman@yahoo.com} 
 c5 {Thank you. I´ll write soon}  7.dxc5 Nc6 8.e3 
{superb, thx..i had huge computer problem and use 
internet cafe now, no idea if i can make moves in 
time}  Bxc5 {It´s OK. Are you working? I´ve 
apartments and banana platations and, normaly, 
every summer I´m going around the world. So I´ve 
visited 48 countries for the moment.}  9.Be2 {Yes 
i am a working class slave :) 48 Countries!! Wow, 
that is amazing! U must be a bachelor to do so! 
:)}  b6 {Yes, I´m bachelor. And you?}  10.Nf3 
{same with sometimes a relationship. Guess we all 
have these moments aren't we? :)}  Bb7 {Maybe.What 
does seem to you if we us exchange some photo to 
know ourselves better?}  11.O-O {I'll think of it, 
i usual doesn't be fast in these sort of things 
and watch from a distance to see how things going 
on.}  Qb8 {It´s allright. Little by little.}  
12.a3 {indeed. never hurry up in these sort of 
matters.}  Rc8 {Sincerely, I do not hurry. But it 
turns out to be to me agreeable to know, at least 
in photos, the person with whom I am playing. And 
even I believe that it turns out to be more 
familiar. Everything else they are conjectures.}  
13.Rfd1 {i see. I shall send u some recently 
pictures.}  Ne5 {Thank you}  14.Nxe5 Qxe5 15.b4 
Be7 16.f4 Qb8 17.e4 e5 18.Rdf1 a5 19.Rab1 axb4 
20.axb4 exf4 21.Bxf4 Bd6 22.Qd2 Be5 23.Rbe1 Bxf4 
24.Rxf4 Qe5 {The game it´s interesting. At these 
moments we´re in carnavals.Too much fiestas}  
25.Ref1 {Nice game and we too having our carnavals 
fun/weather is hopeless, snow, rain, icerain and 
wind but we do enjoy a lot.}  Bxe4 {Good idea!!!}  
26.R4xf6 {the game doesn't goes i want it be.lol}  
gxf6 {Ufff!!!}  27.Nxe4 {have too to survive a 
little longer}  Qxe4 28.Bf3 Qxc4 29.Bd5 Qg4 
30.Bxa8 {(offering draw) a draw  looks fair to me, 
agree?}  Rxa8 {Maybe later because I like the end. 
Sorry.}  31.Qb2 {np but it is a clear draw now.}  
f5 {I´m loking to randa. Maybe it´s draw. My 
position it´s a little better but nothing more.}  
32.Qd2 {randa is an obvious cheater. Not able to 
give a game analyzing.A prog user optimaforma.}  
Re8 {I konw it. He´ve a good program. Look this 
adress:http://www.lapalmaturismo.com/}  33.Rf2 Re4 
34.h3 {nice :P)}  Qg6 35.Qxd7 {(offering draw)}  
f4 { want to win this tournament tilt and am going 
to do everything possible for obtaining it. If it 
comes to be with other players I had accepted 
draw. Do not get angry.Play a little more and 
don´t worry. OK.}  0-1

[Event "HCL-M873"]
[Site "www.playchess.de"]
[Date "2006.03.23"]
[Round "10"]
[White "Edik"]
[Black "AMT"]
[WhiteElo "1888"]
[BlackElo "1914"]
[PlyCount "59"]
[Result "1/2-1/2"]

1.e4 {Hi! Good Luck!}  e5 {Hi. Greetings & a good 
match!}  2.Nf3 Nc6 3.Bb5 a6 4.Ba4 Nf6 5.O-O Be7 
6.d4 exd4 7.Nxd4 O-O 8.Nf5 d6 {A Happy New Year 
:)}  9.Bxc6 {Happy New Year You! :)}  bxc6 
10.Nxe7+ Qxe7 {:>)}  11.f3 Be6 12.Nc3 Nd7 13.Re1 
Qh4 14.Be3 Ne5 15.Bd4 Ng6 16.e5 Rfe8 17.exd6 cxd6 
18.Ne4 d5 19.Nc5 Bf5 20.Qd2 Qf4 21.Qc3 f6 22.g3 
Qd6 23.Rxe8+ Rxe8 24.Nxa6 Re2 25.Nb4 Nh4 26.Rf1 
Bh3 27.Rf2 Qe6 28.Nd3 Nxf3+ 29.Rxf3 Rg2+ 30.Kh1 
{(offering draw)}  1/2-1/2

[Event "HCL-C4144"]
[Site "www.playchess.de"]
[Date "2006.03.23"]
[Round "5"]
[White "TheBiologist"]
[Black "joe19406"]
[WhiteElo "400"]
[BlackElo "800"]
[PlyCount "21"]
[Result "1-0"]

1.e4 Nh6 2.d4 e6 3.Nf3 Qf6 4.Bg5 Qg6 5.Nbd2 f6 
6.Bxh6 Qxh6 7.d5 exd5 8.exd5 Na6 9.Bd3 Nc5 10.O-O 
Bd6 11.Re1+ 1-0

[Event "HCL-E1497"]
[Site "www.playchess.de"]
[Date "2006.03.23"]
[Round "4"]
[White "treebeard"]
[Black "pkchess"]
[WhiteElo "1637"]
[BlackElo "1643"]
[PlyCount "147"]
[Result "1-0"]

1.d4 {Have a good tournament}  Nf6 {Thanks,you 
too!}  2.c4 g6 3.Nc3 Bg7 4.Nf3 d6 5.g3 O-O 6.Bg2 
Nbd7 7.O-O e5 8.Bg5 h6 9.Bxf6 Qxf6 10.dxe5 dxe5 
11.Nd5 Qd8 12.Qc2 c6 13.Ne3 Nc5 14.Rad1 Qc7 15.b4 
Nd7 16.b5 Nc5 17.Nd2 Be6 18.Ne4 Nxe4 19.Bxe4 f5 
20.Bg2 e4 21.a4 Rac8 22.Rdc1 Bd4 23.Qd2 c5 24.Nc2 
Rfd8 25.Qxh6 Qh7 26.Qxh7+ Kxh7 27.Nxd4 cxd4 28.c5 
d3 29.exd3 Rxd3 30.c6 Bd5 31.cxb7 Rb8 32.Rc7+ Kh6 
33.Rfc1 Bxb7 34.a5 a6 35.b6 Rd5 36.R1c5 Rd1+ 
37.Bf1 e3 38.fxe3 Be4 39.R5c1 Rd5 40.R7c5 Rxc5 
41.Rxc5 Bb7 42.Rc7 Kg5 43.Kf2 Kf6 44.Rxb7 Rxb7 
45.Bxa6 Rb8 46.Bf1 Ke5 47.Bg2 Kd6 48.b7 Kc7 49.a6 
Kb6 50.Bf1 Ka7 51.Kf3 g5 52.e4 fxe4+ 53.Kxe4 Rf8 
54.Bc4 Rf6 55.Ke5 Rc6 56.Bd3 Kb8 57.Kf5 Rc5+ 
58.Kg4 Ra5 59.h3 Kc7 60.Be2 {I'm sure there is a 
way ... but i'm not sure to find it!!!}  Re5 
61.Kf3 Ra5 62.Kg4 Re5 63.Bf3 Ra5 64.a7 Rxa7 
65.Kxg5 Ra3 66.Kf4 Rb3 67.h4 Rb6 68.h5 Rf6+ 69.Kg4 
Rf8 70.h6 Rg8+ 71.Kh5 Rxg3 72.Bg4 Kxb7 73.h7 Rg2 
74.Bf3+ 1-0

[Event "HCL-A2623"]
[Site "www.playchess.de"]
[Date "2006.03.23"]
[Round "2"]
[White "PhilipKaveny"]
[Black "pbchess"]
[WhiteElo "1324"]
[BlackElo "1700"]
[PlyCount "57"]
[Result "1-0"]

1.e4 c5 {Hi! Good Luck!}  2.f4 Nc6 3.Nf3 {U2}  Nf6 
4.d3 d5 5.e5 Ng4 6.h3 Nh6 7.Be2 Nf5 8.O-O Ng3 
9.Rf2 Qb6 10.c3 {This is a horrible position for 
meI made a hole for your knight}  e6 {Not that 
bad...}  11.Nbd2 Be7 12.Nf1 Nxe2+ 13.Qxe2 Bd7 
14.Be3 d4 15.cxd4 cxd4 16.Bc1 O-O 17.a3 Rac8 
18.N1d2 Rfd8 19.Nc4 Qc7 20.Qe4 b5 21.Nd6 Bxd6 
22.exd6 Qxd6 23.Ne5 Na5 24.Bd2 Nb3 25.Raf1 Rc7 
26.Bb4 Qb6 27.Nxd7 Rcxd7 28.f5 a5 
29.fxe6 1-0

[Event "HCL-A2587"]
[Site "www.playchess.de"]
[Date "2006.03.23"]
[Round "7"]
[White "k_a_n_i_b_a_l"]
[Black "dynamike"]
[WhiteElo "1580"]
[BlackElo "1442"]
[PlyCount "109"]
[Result "1-0"]

1.d4 {hi...}  Nf6 2.c4 g6 3.Nc3 d5 4.Nf3 Bg7 
5.cxd5 Nxd5 6.e4 Nxc3 7.bxc3 c5 8.Bb2 O-O 9.Be2 
Qa5 10.O-O Rd8 11.Qc2 Bg4 12.Rfd1 Nc6 13.d5 Bxf3 
14.Bxf3 Ne5 15.Be2 c4 16.f4 Nd3 17.Bxd3 cxd3 
18.Rxd3 Rac8 19.a4 Rc4 20.Re3 Bd4 21.Kf2 Qc5 
22.Qe2 Bxc3 23.Bxc3 Rxc3 24.Ra2 Rd6 25.Kf3 Ra6 
26.Rxc3 Qxc3+ 27.Qe3 Qc4 28.Qa3 Kf8 29.Ra1 b5 
30.Qb2 f6 31.axb5 Rxa1 32.Qxa1 Qxb5 33.Qxa7 Qd3+ 
34.Qe3 Qd1+ 35.Kg3 h5 36.h3 Kg7 37.Qf3 Qe1+ 38.Kh2 
h4 39.g3 Qd2+ 40.Qg2 {I'll be on holidays next two 
weeks...}  hxg3+ {have a lot of fun}  41.Kxg3 Qe1+ 
42.Kg4 Qd1+ 43.Kg3 Kh6 44.Qf2 Qd3+ 45.Qf3 Qd4 
{(offering draw)}  46.f5 Qg1+ 47.Qg2 Qxg2+ 48.Kxg2 
gxf5 49.Kf3 fxe4+ 50.Kxe4 Kg5 51.h4+ Kxh4 52.Kf5 
Kh5 53.Ke6 Kg6 54.Kxe7 f5 55.d6 1-0

[Event "HCL-A2662"]
[Site "www.playchess.de"]
[Date "2006.03.23"]
[Round "10"]
[White "kdchessnut"]
[Black "rjfb3"]
[WhiteElo "1800"]
[BlackElo "1700"]
[PlyCount "88"]
[Result "0-1"]

1.d4 d5 2.c4 {Hi and good luck}  c6 {Hi from 
Barcelos, Portugal! Good luck!
}  3.e3 Nf6 4.cxd5 cxd5 5.Bd3 Nc6 6.a3 e6 7.Nf3 
Bd6 8.O-O O-O 9.Nc3 Bd7 10.b4 Rc8 11.Bb2 Qe7 
12.Rc1 Rfd8 13.Qe2 Bb8 14.e4 dxe4 15.Nxe4 Nd5 
16.Nc5 Nf4 17.Qe3 Nxd3 18.Nxd3 Qd6 19.Rc5 Ne7 
20.Rfc1 Nd5 21.Qd2 b6 22.R5xc8 Rxc8 23.Nde5 f6 
24.Nxd7 Qxd7 25.Rxc8+ Qxc8 26.g3 Kf7 27.Qd3 g6 
28.b5 Bd6 29.Ne1 h5 30.Nc2 h4 31.Kg2 Qb7 32.f3 
hxg3 33.hxg3 Qc7 34.Ne3 {another good move - which 
i missed}  Bxg3 35.Nxd5 exd5 36.Qb3 Qd6 37.Bc1 Bh4 
38.f4 {(offering draw)}  f5 {sorry, but I want to 
continue playing}  39.Qh3 Bf6 40.Qe3 Qc7 41.Bb2 
{this is worse than I thought}  Qc4 42.Qc3 Qxb5 
43.Qc7+ Be7 44.Qc3 Qc4 0-1

[Event "HCL-A2594"]
[Site "www.playchess.de"]
[Date "2006.03.23"]
[Round "1"]
[White "Maillard"]
[Black "superyetkin"]
[WhiteElo "1534"]
[BlackElo "1316"]
[PlyCount "88"]
[Result "0-1"]

1.d4 {Bonne partie!}  b6 {hello again!}  2.Nc3 Bb7 
3.e4 Nf6 4.f3 d6 5.Bg5 Nbd7 6.Bxf6 Nxf6 7.Bd3 c5 
8.dxc5 dxc5 9.Bb5+ Nd7 10.Bxd7+ Qxd7 11.Qxd7+ Kxd7 
12.O-O-O+ Kc7 13.Nge2 g6 14.h4 Bh6+ 15.Kb1 Rad8 
16.Nb5+ Kb8 17.c4 Ba6 18.a4 Bxb5 19.axb5 Rd6 20.g4 
Rhd8 21.Rd5 R6xd5 22.exd5 Rd6 23.g5 Bg7 24.Kc2 e6 
25.Rd1 exd5 26.cxd5 f6 27.f4 fxg5 28.hxg5 h6 
29.Nc3 Bxc3 30.bxc3 h5 31.c4 Rd7 32.Re1 Kb7 
{(offering draw)}  33.Re6 Rg7 34.d6 Kc8 35.Rf6 Kd7 
36.Kd3 Kd8 {(offering draw)}  37.Ke4 Kd7 38.Kd5 h4 
39.Ke4 h3 40.Kf3 Rh7 41.Rxg6 h2 42.Rh6 Rxh6 
43.gxh6 {merci pour la partie!}  h1Q+ 44.Kg4 
Qxh6 0-1

[Event "HCL-A2658"]
[Site "www.playchess.de"]
[Date "2006.03.23"]
[Round "32"]
[White "hal1958"]
[Black "victorabiodun03"]
[WhiteElo "1430"]
[BlackElo "1608"]
[PlyCount "76"]
[Result "0-1"]

1.b4 c5 2.bxc5 e5 3.Bb2 Nc6 4.Nf3 e4 5.Nd4 Qf6 
6.e3 Bxc5 7.c3 a6 8.Nxc6 bxc6 9.g3 Ne7 10.Bg2 d5 
11.O-O Ng6 12.Qc2 Bd6 13.c4 Be5 14.Bxe5 Nxe5 
15.cxd5 cxd5 16.Nc3 Be6 17.Qa4+ Nd7 18.Qc6 Rd8 
19.Nxd5 Bxd5 20.Qxd5 O-O 21.Qxe4 Nc5 22.Qc2 Nd3 
23.Qc6 Qxc6 24.Bxc6 Nb4 25.Bb7 Rxd2 26.a3 Nd3 
27.Bxa6 Ne5 28.Rfd1 Rfd8 29.Rxd2 Rxd2 30.Bb7 Kf8 
31.a4 Nd3 32.f4 Nf2 33.a5 Nh3+ 34.Kh1 Nf2+ 35.Kg2 
h5 36.a6 Ng4+ 37.Kf3 f5 38.e4 Rf2+ 0-1

[Event "ACL-A660"]
[Site "www.playchess.de"]
[Date "2006.03.23"]
[Round "21"]
[White "KDHB"]
[Black "Absoluter_Beginner"]
[WhiteElo "1412"]
[BlackElo "1500"]
[PlyCount "39"]
[Result "0-1"]

1.e4 {Hallo, denn mal los. Gutes Spiel}  e5 {yo, 
gleichfalls}  2.Bc4 Nc6 3.Qf3 Nf6 {*hüstel*}  
4.Ne2 d6 5.Nbc3 Be6 6.Bxe6 fxe6 7.d3 Qd7 8.Be3 
O-O-O 9.h3 d5 10.exd5 exd5 11.d4 e4 12.Qg3 Bd6 
13.Qh4 h6 14.a3 g5 15.Bxg5 hxg5 16.Qxg5 Qe6 17.Qe3 
Rdg8 18.Ng3 Ng4 19.Qe2 Bxg3 20.fxg3 0-1

[Event "HCL-A2629"]
[Site "www.playchess.de"]
[Date "2006.03.23"]
[Round "11"]
[White "victorabiodun03"]
[Black "hal1958"]
[WhiteElo "1596"]
[BlackElo "1410"]
[PlyCount "109"]
[Result "1-0"]

1.f4 d5 {have a nice game}  2.Nf3 c5 3.e3 Bg4 4.d4 
c4 5.c3 Nf6 6.Nbd2 Nc6 7.Be2 e6 8.O-O Be7 9.Ne5 
Bxe2 10.Qxe2 O-O 11.Qf3 a6 12.g4 Nd7 13.g5 Ncxe5 
14.dxe5 Bxg5 15.fxg5 Qxg5+ 16.Qg3 Qxg3+ 17.hxg3 
Nxe5 18.e4 b5 19.exd5 exd5 20.Nf3 Nd3 21.Ne1 Ne5 
22.Bf4 Ng6 23.Rd1 Rad8 24.Rd4 h6 25.Nf3 Rfe8 
26.Kf2 Nf8 27.Rfd1 g5 28.Bc7 Rd7 29.Ba5 Rd6 
30.R4xd5 Rf6 31.g4 Ng6 32.R5d6 Ree6 33.Rxe6 Rxe6 
34.Nd4 Rf6+ 35.Nf5 Ne5 36.Rd8+ Kh7 37.Kg3 Nd3 
38.b3 Nf4 39.bxc4 bxc4 40.Rd6 Kg6 41.Rxf6+ Kxf6 
42.Nxh6 Ke6 43.Nf5 Nd5 44.Nd4+ Kd6 45.a3 Kc5 
46.Bb4+ Kb6 47.Ne2 Kb5 48.Kf3 a5 49.Bf8 Nf6 50.Be7 
Nh7 51.Ng3 Ka4 52.Ne4 Kb3 53.Ke3 {i don't 
understand how you let me win the last game? the 
mate was completely preventable}  a4 {yes, I 
totaly missed it, only noticed the error when I 
saw your move ; stupid me}  54.Kd4 f6 
55.Nd2+ 1-0

[Event "HCL-E1613"]
[Site "www.playchess.de"]
[Date "2006.03.23"]
[Round "12"]
[White "PhilipKaveny"]
[Black "yannick"]
[WhiteElo "1388"]
[BlackElo "1550"]
[PlyCount "44"]
[Result "0-1"]

1.e4 d6 2.g3 Nf6 3.d3 Nc6 4.Bg2 d5 5.exd5 Bg4 
6.Qd2 Nxd5 7.Nf3 e5 8.O-O Bb4 9.c3 Bc5 10.d4 Bxf3 
11.Bxf3 exd4 12.Bxd5 Qxd5 13.Re1+ Kf8 14.b4 Bd6 
15.Bb2 d3 16.c4 Qxc4 17.Qg5 Nd4 18.Bxd4 Qxd4 
19.Nd2 Bxb4 20.Rac1 h6 21.Qb5 Bxd2 22.Qxb7 
Rd8 0-1

[Event "HCL-A2622"]
[Site "www.playchess.de"]
[Date "2006.03.23"]
[Round "20"]
[White "GCP"]
[Black "victorabiodun03"]
[WhiteElo "1445"]
[BlackElo "1596"]
[PlyCount "70"]
[Result "0-1"]

1.e4 {hello ... it's impossible to find a 
tournament without you :))}  e6 {i have missed the 
game with my previous suspension}  2.d4 {so let's 
play and make up for the lost time :)}  d5 3.Nc3 
Nf6 4.e5 Nfd7 5.Nf3 c5 6.a3 c4 7.Be2 Be7 8.O-O O-O 
9.b3 cxb3 10.cxb3 a6 11.Bb2 Nc6 12.b4 f6 13.exf6 
Bxf6 14.Qd3 Kh8 15.Bd1 Re8 16.Bc2 Nf8 17.Ne2 Ne7 
18.Ng3 Bd7 19.Nh5 Bb5 20.Qd2 Bxf1 21.Nxf6 gxf6 
22.Rxf1 Rc8 23.h3 Neg6 24.Nh2 {after 2 draw, I 
suppose you would like to win this one ;)}  Qc7 
25.Rc1 Qf4 26.Qe1 Rc7 27.Bxg6 hxg6 28.Rxc7 Qxc7 
29.Ng4 Kg7 30.Qe3 g5 31.h4 Qf4 32.Qxf4 gxf4 33.Kf1 
Rc8 34.g3 fxg3 35.fxg3 Rc2 0-1

[Event "HCL-B3927"]
[Site "www.playchess.de"]
[Date "2006.03.23"]
[Round "4"]
[White "ippuli"]
[Black "larese"]
[WhiteElo "1546"]
[BlackElo "763"]
[PlyCount "51"]
[Result "1-0"]

1.e4 {Hello! Good luck....}  e5 2.d4 exd4 {Hello 
from Venice ! Good Game !}  3.c3 {Hi from Oulu! To 
you, too...}  dxc3 4.Bc4 cxb2 5.Bxb2 Nf6 6.e5 Ne4 
7.Bxf7+ Kxf7 8.Qd5+ Ke8 9.Qxe4 Nc6 10.Nf3 Be7 
11.O-O d6 12.exd6 cxd6 13.Bxg7 Rg8 14.Qxh7 Kd7 
15.Bf6 Re8 16.Nc3 Nb4 17.Nb5 Kc6 18.Nfd4+ Kb6 
19.a4 Bxf6 20.a5+ Kc5 21.Rac1+ Kd5 22.Nc7+ Kxd4 
23.Rfd1+ Ke5 24.f4+ Kxf4 25.Rc4+ Ke5 26.Qe4+ {Not 
very good move!! ;-)}  1-0

[Event "HCL-B3878"]
[Site "www.playchess.de"]
[Date "2006.03.23"]
[Round "3"]
[White "mnonato"]
[Black "schnitzly"]
[WhiteElo "1199"]
[BlackElo "1280"]
[PlyCount "101"]
[Result "1-0"]

1.d4 d5 2.Nf3 c6 3.c4 e6 4.Nc3 Bb4 5.Bf4 Nf6 6.e3 
Ne4 7.Qc2 Qa5 8.Nd2 Bxc3 9.bxc3 Qxc3 10.Qxc3 Nxc3 
11.Bd3 dxc4 12.Nxc4 O-O 13.O-O Nd5 14.Bg3 Nd7 
15.Rab1 b5 16.Na5 b4 17.Bd6 Nc3 18.Rxb4 Re8 
19.Nxc6 Nxa2 20.Ra4 Nc3 21.Rxa7 Rxa7 22.Nxa7 Bb7 
23.Nb5 Ba6 24.Nxc3 Bxd3 25.Rd1 Bc4 26.Ra1 Nf6 
27.Ra7 h6 28.f3 Nd5 29.Nxd5 exd5 30.Kf2 Re6 31.Rd7 
Re8 32.g4 Bb5 33.Rb7 Bc4 34.h4 Rd8 35.Be7 Ra8 
36.Kg3 g6 37.Kf4 Ra6 38.Rb8+ Kg7 39.g5 hxg5+ 
40.hxg5 Re6 41.Bf6+ Rxf6+ 42.gxf6+ Kxf6 43.Rb6+ 
Kg7 44.e4 Kf8 45.Ke5 dxe4 46.fxe4 Bd3 47.Kf6 Kg8 
48.e5 Bc4 49.Rd6 Kh7 50.Rd7 Be6 
51.Rxf7+ 1-0

[Event "HCL-B3927"]
[Site "www.playchess.de"]
[Date "2006.03.23"]
[Round "3"]
[White "larese"]
[Black "ippuli"]
[WhiteElo "763"]
[BlackElo "1546"]
[PlyCount "50"]
[Result "0-1"]

1.d4 Nf6 2.Nc3 d5 3.Nf3 Nc6 4.Bg5 e6 5.Bxf6 Qxf6 
6.e4 Bb4 7.e5 Bxc3+ 8.bxc3 Qe7 9.Bb5 O-O 10.Bxc6 
bxc6 11.Qd3 f5 12.exf6 Rxf6 13.O-O a5 14.Rae1 Ba6 
15.Qe3 Bxf1 16.Kxf1 Raf8 17.Re2 Qa3 18.Ng5 Qxa2 
19.Nxe6 Qb1+ 20.Re1 R6xf2+ 21.Qxf2 Rxf2+ 22.Kxf2 
Qxc2+ 23.Re2 Qxc3 24.Ra2 a4 25.Rxa4 Qc2+ {Thank 
you....}  0-1

[Event "HCL-A2658"]
[Site "www.playchess.de"]
[Date "2006.03.23"]
[Round "35"]
[White "victorabiodun03"]
[Black "BohdanL"]
[WhiteElo "1608"]
[BlackElo "1472"]
[PlyCount "57"]
[Result "1-0"]

1.f4 e5 {hi}  2.fxe5 {Hi}  d6 3.exd6 Bxd6 4.Nf3 g5 
5.e3 g4 6.Nd4 Qh4+ 7.Ke2 g3 8.Nf3 Bg4 9.h3 Bxf3+ 
10.gxf3 Nc6 11.Bg2 O-O-O 12.d4 Nf6 13.c3 Rhe8 
14.Re1 Nd5 15.Kf1 f5 16.Qb3 Nce7 17.c4 Nxe3+ 
18.Bxe3 f4 19.Bd2 Nf5 20.c5 Rxe1+ 21.Bxe1 Ne3+ 
22.Kg1 Bf8 23.Bc3 Re8 24.Qf7 Rd8 25.Nd2 Nxg2 
26.Kxg2 a5 27.Ne4 Be7 28.c6 b6 
29.Qc4 1-0